000 00965cam a2200277 a 4500
001 3209
005 20240219152821.0
020 _a9780843137163
040 _aDLC
_cDLC
_dDLC
_beng
050 0 0 _aPZ8.3.S8723
_b 2010
082 0 0 _a437
100 1 _aStone, Tanya Lee
245 1 0 _aH is for haunted house :
_ba Halloween alphabet book /
_cby Stone, Tanya Lee ; illustrated by Burroughs, Scoott
260 _aNew York :
_bPrice Stern Sloan,
_c2010
300 _a24 unnumbered pages :
_bcolor illustrations ;
_c21 cm .
505 _aM
520 _aA group of children enjoys the frights and fun of a Halloween party and trick-or-treating in this rhyming alphabet book.
521 _a530
_bLexile
521 _aM
_bRaz-Plus
650 1 _aStories in rhyme
_vfiction
650 1 _aHalloween
_vFiction
650 1 _aAlphabet
700 1 _aBurroughs, Scott
_eillustrator
906 _a7
_bcbc
_corignew
_d1
_eecip
_f20
_gy-gencatlg
942 _2ddc
_cBK
_n0
999 _c3209
_d3209